| 000 | 00706nam a2200193Ia 4500 | ||
|---|---|---|---|
| 003 | 0 | ||
| 005 | 20250626123550.0 | ||
| 008 | 161205s9999 xx 000 0 und d | ||
| 050 |
_aPHS SB 211.S7 _b.N456 2015 |
||
| 100 | _aNery, Marco Raphael T. | ||
| 245 | 4 |
_aThe effect of ascorbic acid on the shelf-life of spinach (Spinach oleracea) _cMarco Raphael T. Nery |
|
| 260 |
_aLas PiƱas City, Philippines : _bSouthville International School and Colleges, _c2015. |
||
| 300 |
_aiii, 25 pages : _billustrations ; _c28 cm. |
||
| 504 | _aIncludes bibliographical references. | ||
| 650 |
_aSpinach _vStorage. |
||
| 650 |
_aFood _vPreservation. |
||
| 650 |
_aVegetables _vShelf-life extension. |
||
| 942 |
_2lcc _cPASS |
||
| 999 |
_c305307 _d305307 |
||